000 00446nam a22001697a 4500
005 20260121150817.0
008 160428b xxu||||| |||| 00| 0 eng d
020 _a981-240388-4
041 _aeng
082 _a005.74
100 _aPratt, Philip J.
_9166
245 _aConcepts of Database Management
260 _aNew Delhi
_bThomsm Learning Published by Vikash House,
_c2002
300 _a293
650 _aInformation Technology
942 _cBK
999 _c168
_d168